000 00332nam a22001337a 4500
020 _a0-340-54877-0
082 _a823
_bBLY/F
100 _aENID BLYTON
245 _aTHE FAMOUS FIVE
_bFIVE RUN AWAY TOGETHER
260 _aGREAT BRITAIN
_bHODDER CHILDRENS BOOK
_c1991
300 _a170
650 _aADVENTURE
_zUNITED KINGDOM
942 _cBK
999 _c185
_d185